000 00467nam a2200169 a 4500
001 0000-9321
003 ELIB.Books
008 110520 2005
035 _a(ELIB.Books)0000-9473
082 _a251
_bSat
100 _aSatterlee, Craig A.
245 _aWhen God Speaks through Change: preaching in times of congre
260 _bHerndon: The Alban Institute
_c2005
650 _aChurch Renewal
942 _2ddc
_cBK
998 _cbat
_e2011-05-20
999 _c9321
_d9321